Countries at seas - Sudden Death - Statistics

General Stats
  • This quiz has been taken 1,876 times
    703 since last reset
  • The average score is 8 of 12
Answers on the Grid
Answers color-coded by a green-red scale on the quiz's grid according to % correct below.
Armenia
Azerbaijan
Belize
Bolivia
Botswana
Chad
Czechia
Egypt
Germany
Iraq
Japan
Kazakhstan
Kyrgyzstan
Laos
Montenegro
Rwanda
San Marino
Serbia
South Sudan
Sweden
Ukraine
Uruguay
Vietnam
Zimbabwe
 
Answer Stats
Answer % Correct
Egypt
90%
Japan
87%
Germany
80%
Sweden
79%
Vietnam
79%
Belize
74%
Ukraine
65%
Uruguay
65%
Montenegro
59%
Azerbaijan
58%
Iraq
53%
Kazakhstan
30%
No matching quizzes found
Score Distribution
Percent of People with Each Score
Percentile by Number Answered
Your Score History
You have not taken this quiz since the last reset